Mapes topogràfics moderns de Catalunya / per Enric Ribas i Virgili
Descripción Física:
35 p. ; 24 cm
MARC
| LEADER | 00000nam a2200000Ia 4500 | ||
|---|---|---|---|
| 001 | 21430 | ||
| 008 | 160829s1930 xx 000 0 cat d | ||
| 080 | |a RF-12-55 | ||
| 100 | |a Ribas i Virgili, Enric |9 47691 | ||
| 245 | |a Mapes topogràfics moderns de Catalunya / per Enric Ribas i Virgili | ||
| 260 | |a Barcelona : |b Club Excursionista de Gràcia. Secció d'Estudis, |c 1930 | ||
| 300 | |a 35 p. ; |c 24 cm | ||
| 590 | |a A la portada: Vuit gràfics per Camil Puig i un pel Servei Geogràfic de Catalunya. | ||
| 590 | |a Prové de 4173, exp. 332 | ||
| 650 | |a Catalunya |x Mapes topogràfics |x Bibliografia |9 47692 | ||
| 710 | 2 | |a Club Excursionista de Gràcia. |c Secció d'Estudis |9 55387 | |
| 856 | 4 | |u https://media.diba.cat/diba/fitxers/arxiu/fulletons/bib_21430_1930_baixa.pdf |y Accés lliure | |
| 856 | 4 | |u https://media.diba.cat/diba/fitxers/arxiu/fulletons/bib_21430_1930_baixa.pdf |y Accés lliure | |
| 901 | |a Arxiu | ||
| 942 | |n 1 |2 udc | ||
| 952 | |0 0 |1 0 |4 0 |6 RF1255 |7 1 |9 54039 |a Arxiu |b Arxiu |d 2016-12-01 |l 0 |o RF-12-55 |p 21430 |r 2016-12-01 00:00:00 |w 2016-12-01 |y ARXIU | ||
| 999 | |c 57907 |d 57907 | ||
| 900 | |a bib_21430_1930_baixa.pdf | ||